[Event "Pyramiden Franken Cup"]
[Site "Fuerth"]
[Date "2015.09.03"]
[Round "1"]
[White "Wittmann, Helmut"]
[Black "Walch, Roger"]
[Result "1-0"]
[WhiteElo "2106"]
[BlackElo "1733"]
[PlyCount "41"]
[EventDate "2015.09.03"]
[EventType "swiss"]
[EventRounds "7"]
[EventCountry "GER"]
[SourceTitle "EXT 2016"]
[Source "ChessBase"]
[SourceDate "2015.10.08"]
[SourceVersion "1"]
[SourceVersionDate "2015.10.08"]
[SourceQuality "1"]

1. d4 Nf6 2. Bg5 Ne4 3. h4 c5 4. dxc5 Qa5+ 5. Nd2 Nxg5 6. hxg5 Qxc5 7. g6 Qf5 8. gxf7+ Qxf7 9. e3 g6 10. Ngf3 h6 11. Ne5 Qe6 12. Nd3 Bg7 13. Nf4 Qb6 14. Nc4 Qb4+ 15. c3 Bxc3+ 16. bxc3 Qxc3+ 17. Nd2 Qg7 18. Bd3 Nc6 19. Bxg6+ Kd8 20. Ne4 Rf8 21. Ne6# 1-0

[Event "Mittelfranken-ch HT"]
[Site "Nuremberg"]
[Date "2015.04.04"]
[Round "9"]
[White "Wagner, Florian"]
[Black "Wittmann, Helmut"]
[Result "1/2-1/2"]
[WhiteElo "2145"]
[BlackElo "2103"]
[PlyCount "98"]
[EventDate "2015.03.31"]
[EventType "swiss"]
[EventRounds "9"]
[EventCountry "GER"]
[SourceTitle "EXT 2016"]
[Source "ChessBase"]
[SourceDate "2015.10.08"]
[SourceVersion "1"]
[SourceVersionDate "2015.10.08"]
[SourceQuality "1"]

1. e4 e6 2. d4 b6 3. Nf3 Bb7 4. Bd3 c5 5. c3 Nf6 6. e5 Nd5 7. a3 Be7 8. Qe2 cxd4 9. cxd4 Qc8 10. 0-0 Ba6 11. Bd2 Bxd3 12. Qxd3 Qa6 13. Qe4 Nc6 14. Nc3 f5 15. Qb1 Nxc3 16. Bxc3 Qc4 17. Qa2 Qd5 18. Qxd5 exd5 19. Nd2 Rc8 20. f4 Kf7 21. Rf3 b5 22. Nb3 Bd8 23. Nc5 a5 24. Nxd7 b4 25. axb4 axb4 26. Bd2 Nxd4 27. Rd3 Nc2 28. Ra7 Ke6 29. g4 fxg4 30. f5+ Kxf5 31. Rxd5 Ke4 32. Rb5 Be7 33. e6 Nd4 34. Re5+ Kd3 35. Rd5 Ke4 36. Re5+ Kd3 37. Rd5 Kxd2 38. Rxd4+ Ke3 39. Rxg4 Rc1+ 40. Kg2 Rc2+ 41. Kh3 Bd6 42. Rg2 Rxg2 43. Kxg2 Re8 44. Nb6 Bc5 45. Rb7 Rxe6 46. Nd5+ Kd4 47. Nxb4 Bd6 48. Rxg7 Re2+ 49. Kf3 Rxh2 1/2-1/2

[Event "Mittelfranken-ch HT"]
[Site "Nuremberg"]
[Date "2015.04.03"]
[Round "8"]
[White "Wittmann, Helmut"]
[Black "Hirn, Oskar"]
[Result "0-1"]
[WhiteElo "2103"]
[BlackElo "2218"]
[PlyCount "68"]
[EventDate "2015.03.31"]
[EventType "swiss"]
[EventRounds "9"]
[EventCountry "GER"]
[SourceTitle "EXT 2016"]
[Source "ChessBase"]
[SourceDate "2015.10.08"]
[SourceVersion "1"]
[SourceVersionDate "2015.10.08"]
[SourceQuality "1"]

1. d4 Nf6 2. Nf3 g6 3. Bg5 Bg7 4. Nbd2 h6 5. Bh4 c5 6. dxc5 Na6 7. e4 Nxc5 8. e5 Nfe4 9. Nxe4 Nxe4 10. Qd4 Ng5 11. Bxg5 hxg5 12. Bc4 d5 13. Bb5+ Bd7 14. Bxd7+ Qxd7 15. Nxg5 Qf5 16. f4 f6 17. Qa4+ Kf8 18. 0-0 Rh4 19. exf6 Bxf6 20. Qb3 Rc8 21. Rad1 Rc4 22. Qxb7 Kg7 23. Rxd5 Qxc2 24. Re5 Rcxf4 25. Rxe7+ Kh6 26. Nf3 Qc5+ 27. Rf2 Qxe7 28. Qxe7 Bxe7 29. g3 Bc5 30. gxf4 Rxf4 31. Kg2 Bxf2 32. Kxf2 Rc4 33. Ne1 Rc1 34. a3 Rb1 0-1

[Event "Mittelfranken-ch HT"]
[Site "Nuremberg"]
[Date "2015.04.02"]
[Round "7"]
[White "Martin, Thomas"]
[Black "Wittmann, Helmut"]
[Result "1-0"]
[WhiteElo "2282"]
[BlackElo "2103"]
[PlyCount "67"]
[EventDate "2015.03.31"]
[EventType "swiss"]
[EventRounds "9"]
[EventCountry "GER"]
[SourceTitle "EXT 2016"]
[Source "ChessBase"]
[SourceDate "2015.10.08"]
[SourceVersion "1"]
[SourceVersionDate "2015.10.08"]
[SourceQuality "1"]

1. Nf3 d5 2. g3 c6 3. Bg2 Nf6 4. 0-0 Bg4 5. d3 Nbd7 6. Nbd2 e5 7. e4 Be7 8. h3 Bh5 9. Qe1 Qc7 10. a3 0-0 11. Nh4 Rfd8 12. b3 dxe4 13. dxe4 Nc5 14. Nf5 Bf8 15. Bb2 b5 16. Nf3 Ncxe4 17. Bxe5 Qb6 18. g4 Bg6 19. N5h4 Nxf2 20. Rxf2 Ne4 21. Nxg6 Nxf2 22. Qxf2 Bc5 23. Ne7+ Kf8 24. Nd4 Rxd4 25. Kh2 Rd1 26. Rxd1 Bxf2 27. Bd6 Bc5 28. Ng6+ Ke8 29. Re1+ Kd8 30. Bxc5 Qxc5 31. Ne5 Rc8 32. b4 Qe7 33. Nxc6+ Rxc6 34. Rxe7 1-0

[Event "Mittelfranken-ch HT"]
[Site "Nuremberg"]
[Date "2015.04.02"]
[Round "5"]
[White "Rausch, Wolfgang"]
[Black "Wittmann, Helmut"]
[Result "0-1"]
[WhiteElo "2138"]
[BlackElo "2103"]
[PlyCount "54"]
[EventDate "2015.03.31"]
[EventType "swiss"]
[EventRounds "9"]
[EventCountry "GER"]
[SourceTitle "EXT 2016"]
[Source "ChessBase"]
[SourceDate "2015.10.08"]
[SourceVersion "1"]
[SourceVersionDate "2015.10.08"]
[SourceQuality "1"]

1. d4 Nf6 2. c4 e6 3. Nf3 Bb4+ 4. Nc3 b6 5. Bf4 Bb7 6. Qb3 a5 7. Bg5 h6 8. Bh4 g5 9. Bg3 Ne4 10. a3 Bxc3+ 11. bxc3 h5 12. d5 Na6 13. dxe6 fxe6 14. Be5 Nac5 15. Qc2 Rf8 16. Bd4 Qe7 17. h4 g4 18. Ng5 Nxg5 19. hxg5 Qxg5 20. Bxc5 Qxc5 21. Qg6+ Rf7 22. e3 Qf5 23. Qxf5 Rxf5 24. Bd3 Rc5 25. Rxh5 Rxh5 26. Bg6+ Ke7 27. Bxh5 Rh8 0-1

[Event "Mittelfranken-ch HT"]
[Site "Nuremberg"]
[Date "2015.04.02"]
[Round "6"]
[White "Wittmann, Helmut"]
[Black "Tong, Kevin"]
[Result "1-0"]
[WhiteElo "2103"]
[BlackElo "1859"]
[PlyCount "59"]
[EventDate "2015.03.31"]
[EventType "swiss"]
[EventRounds "9"]
[EventCountry "GER"]
[SourceTitle "EXT 2016"]
[Source "ChessBase"]
[SourceDate "2015.10.08"]
[SourceVersion "1"]
[SourceVersionDate "2015.10.08"]
[SourceQuality "1"]

1. d4 d5 2. c4 c6 3. Nf3 Nf6 4. Nc3 dxc4 5. Ne5 Nbd7 6. Nxc4 b5 7. Ne3 Bb7 8. g3 c5 9. Bg2 Bxg2 10. Nxg2 b4 11. Na4 cxd4 12. Qxd4 e5 13. Qd3 Be7 14. 0-0 0-0 15. Bg5 Qa5 16. b3 Rfd8 17. Qf5 h6 18. Bc1 Nf8 19. Nb2 Qc7 20. Nc4 e4 21. Bf4 Qb7 22. Rfd1 Ne6 23. Nd6 Bxd6 24. Bxd6 Rac8 25. Ne3 Qb6 26. Be7 Rxd1+ 27. Rxd1 Ne8 28. Nd5 Qb7 29. Bxb4 Nc5 30. Qxc8 1-0

[Event "Mittelfranken-ch HT"]
[Site "Nuremberg"]
[Date "2015.04.01"]
[Round "4"]
[White "Vogiatzis, Dimitrios"]
[Black "Wittmann, Helmut"]
[Result "0-1"]
[WhiteElo "2086"]
[BlackElo "2103"]
[PlyCount "106"]
[EventDate "2015.03.31"]
[EventType "swiss"]
[EventRounds "9"]
[EventCountry "GER"]
[SourceTitle "EXT 2016"]
[Source "ChessBase"]
[SourceDate "2015.10.08"]
[SourceVersion "1"]
[SourceVersionDate "2015.10.08"]
[SourceQuality "1"]

1. d4 e6 2. c3 b6 3. e3 Bb7 4. f4 f5 5. Nf3 Nf6 6. Be2 Be7 7. 0-0 d6 8. Ng5 Qd7 9. Qb3 h6 10. Bf3 Bd5 11. c4 Bc6 12. Bxc6 Nxc6 13. Nxe6 Qxe6 14. d5 Qd7 15. dxc6 Qxc6 16. Nc3 0-0 17. Bd2 Ne4 18. Nd5 Bf6 19. Qd3 Rae8 20. Bc3 Nxc3 21. bxc3 Re4 22. g4 Qxc4 23. Qxc4 Rxc4 24. gxf5 Bd8 25. Rfd1 c6 26. Nb4 a5 27. Nd3 Rxf5 28. Kf2 Bf6 29. Rab1 b5 30. Kf3 d5 31. Rbc1 Bxc3 32. Nf2 Rf8 33. Rg1 Re8 34. Rg6 Bd4 35. Rxc4 Rxe3+ 36. Kg4 bxc4 37. Rxc6 Bf6 38. Rc5 g6 39. f5 gxf5+ 40. Kxf5 Kf7 41. Nd1 Re5+ 42. Kg4 Re4+ 43. Kf5 Re5+ 44. Kf4 Ke6 45. Rc6+ Ke7 46. Ne3 Rh5 47. Nf5+ Kf7 48. Ra6 c3 49. Rc6 Rxh2 50. Ne3 Bg5+ 51. Kg3 Re2 52. Nxd5 c2 53. Kf3 Re5 0-1

[Event "Mittelfranken-ch HT"]
[Site "Nuremberg"]
[Date "2015.03.31"]
[Round "1"]
[White "Balhar, Michael"]
[Black "Wittmann, Helmut"]
[Result "0-1"]
[WhiteElo "1779"]
[BlackElo "2103"]
[PlyCount "64"]
[EventDate "2015.03.31"]
[EventType "swiss"]
[EventRounds "9"]
[EventCountry "GER"]
[SourceTitle "EXT 2016"]
[Source "ChessBase"]
[SourceDate "2015.10.08"]
[SourceVersion "1"]
[SourceVersionDate "2015.10.08"]
[SourceQuality "1"]

1. e4 e5 2. Nf3 Nc6 3. Bc4 Nf6 4. Ng5 d5 5. exd5 Nd4 6. c3 b5 7. Bd3 Bf5 8. Bxf5 Nxf5 9. Qf3 Nh4 10. Qg3 Ng6 11. Qd3 Qd7 12. Ne4 Nxd5 13. a3 f5 14. Ng3 e4 15. Qc2 Ndf4 16. 0-0 h5 17. Nxe4 Qd5 18. Re1 Be7 19. d3 Qxd3 20. Qxd3 Nxd3 21. Rd1 fxe4 22. Nd2 Bc5 23. Nxe4 Nxf2 24. Nxf2 0-0 25. Rf1 Rxf2 26. Rxf2 Rf8 27. Bg5 Rxf2 28. Kh1 Rxb2 29. a4 bxa4 30. h3 h4 31. Kh2 Bf2 32. Bd8 Bg3+ 0-1

[Event "Mittelfranken-ch HT"]
[Site "Nuremberg"]
[Date "2015.03.31"]
[Round "3"]
[White "Wittmann, Helmut"]
[Black "Heimrath, Reiner"]
[Result "0-1"]
[WhiteElo "2103"]
[BlackElo "2277"]
[PlyCount "74"]
[EventDate "2015.03.31"]
[EventType "swiss"]
[EventRounds "9"]
[EventCountry "GER"]
[SourceTitle "EXT 2016"]
[Source "ChessBase"]
[SourceDate "2015.10.08"]
[SourceVersion "1"]
[SourceVersionDate "2015.10.08"]
[SourceQuality "1"]

1. d4 d6 2. Nf3 Nd7 3. e4 g6 4. Bc4 e6 5. Bg5 Ne7 6. h4 h6 7. Be3 Nf6 8. Nc3 d5 9. Bd3 Bg7 10. h5 g5 11. Qe2 a6 12. 0-0-0 b6 13. Nxg5 hxg5 14. Bxg5 Bh6 15. Qd2 Nfg8 16. f4 Bb7 17. g4 Bxg5 18. fxg5 dxe4 19. Nxe4 Qd5 20. Qf4 0-0-0 21. Qxf7 Nc6 22. c3 Nge7 23. Nf6 Qxg5+ 24. Kb1 Kb8 25. Rde1 Bc8 26. Rhg1 Nd5 27. Nh7 Qd2 28. Qf1 e5 29. Rd1 Qh6 30. g5 Qxh5 31. g6 Ne3 32. Be2 Bf5+ 33. Kc1 Qh6 34. Qf3 Nxd1+ 35. Kxd1 Nxd4 36. cxd4 Rxd4+ 37. Ke1 Qd2+ 0-1

[Event "Mittelfranken-ch HT"]
[Site "Nuremberg"]
[Date "2015.03.31"]
[Round "2"]
[White "Wittmann, Helmut"]
[Black "Seibold, Hubert"]
[Result "0-1"]
[WhiteElo "2103"]
[BlackElo "2168"]
[PlyCount "30"]
[EventDate "2015.03.31"]
[EventType "swiss"]
[EventRounds "9"]
[EventCountry "GER"]
[SourceTitle "EXT 2016"]
[Source "ChessBase"]
[SourceDate "2015.10.08"]
[SourceVersion "1"]
[SourceVersionDate "2015.10.08"]
[SourceQuality "1"]

1. d4 d5 2. c4 c6 3. Nf3 Nf6 4. Nc3 dxc4 5. a4 Bf5 6. Ne5 Nbd7 7. Nxc4 Qc7 8. Bg5 e5 9. Bxf6 gxf6 10. Ne3 Bg6 11. d5 Bc5 12. Qd2 Bb4 13. Rd1 Nc5 14. dxc6 bxc6 15. Nc4 0-0 0-1

[Event "Mittelfranken-ch HT 63rd"]
[Site "Nuremberg"]
[Date "2014.04.18"]
[Round "8"]
[White "Hirn, Oskar"]
[Black "Wittmann, Helmut"]
[Result "1-0"]
[WhiteElo "2229"]
[BlackElo "2105"]
[PlyCount "82"]
[EventDate "2014.04.15"]
[EventType "swiss"]
[EventRounds "9"]
[EventCountry "GER"]
[SourceTitle "EXT 2022"]
[Source "ChessBase"]
[SourceDate "2021.10.06"]
[SourceVersion "1"]
[SourceVersionDate "2021.10.06"]
[SourceQuality "1"]

1. Nf3 d5 2. g3 c6 3. Bg2 Bg4 4. h3 Bh5 5. c4 dxc4 6. a4 Nd7 7. Na3 e5 8. Nxc4 e4 9. Nh2 Nc5 10. Qc2 Nf6 11. Ng4 Nxg4 12. hxg4 Bxg4 13. b4 Ne6 14. Qxe4 Qd4 15. Bb2 Qxe4 16. Bxe4 Ng5 17. Bg2 Bxb4 18. Bxg7 Rg8 19. Bf6 Rg6 20. Bxg5 Rxg5 21. Rxh7 0-0-0 22. Rd1 Rc5 23. Ne3 Rxd2 24. Rxd2 Rc1+ 25. Nd1 Rc2 26. Rh8+ Kc7 27. Rhd8 Be6 28. Be4 Ra2 29. R8d4 Ba5 30. Bb1 Ra1 31. Bc2 c5 32. Rd8 Ra2 33. Kf1 Bxd2 34. Rxd2 Bb3 35. Ne3 b6 36. Bxb3 Rxd2 37. Bxf7 a6 38. Bc4 Rd4 39. g4 Kc6 40. g5 Rd7 41. Bxa6 Rg7 1-0

[Event "Mittelfranken-ch HT 63rd"]
[Site "Nuremberg"]
[Date "2014.04.18"]
[Round "9"]
[White "Wittmann, Helmut"]
[Black "Zuehlke, Burkhard"]
[Result "1/2-1/2"]
[WhiteElo "2105"]
[BlackElo "2087"]
[PlyCount "90"]
[EventDate "2014.04.15"]
[EventType "swiss"]
[EventRounds "9"]
[EventCountry "GER"]
[SourceTitle "EXT 2022"]
[Source "ChessBase"]
[SourceDate "2021.10.06"]
[SourceVersion "1"]
[SourceVersionDate "2021.10.06"]
[SourceQuality "1"]

1. d4 Nf6 2. Nf3 g6 3. Bg5 Bg7 4. Nbd2 h6 5. Bf4 d6 6. h3 Nbd7 7. e3 c5 8. Bd3 0-0 9. 0-0 b6 10. a4 Bb7 11. a5 cxd4 12. exd4 Nd5 13. Bh2 Nb4 14. Bb5 bxa5 15. c3 Nd5 16. Nb3 a6 17. Be2 a4 18. Rxa4 N7b6 19. Ra3 Nc7 20. Na5 Bc8 21. Rb3 Nb5 22. c4 Na7 23. c5 Na4 24. Rb4 Nxc5 25. dxc5 Qxa5 26. Rc4 dxc5 27. Qd5 Be6 28. Qxc5 Nb5 29. Re4 Rfe8 30. Rxe6 fxe6 31. Bc4 Kh7 32. Bxe6 Qd8 33. Qc2 Rf8 34. Qe4 Nd6 35. Qh4 Nf5 36. Ng5+ Kh8 37. Bxf5 Rxf5 38. Ne6 Qd7 39. Qe4 Rc8 40. Nf4 Rc6 41. g4 Rff6 42. Nd3 Rfe6 43. Ne5 Bxe5 44. Bxe5+ Kh7 45. Qf4 Rf6 1/2-1/2

[Event "Mittelfranken-ch HT 63rd"]
[Site "Nuremberg"]
[Date "2014.04.17"]
[Round "7"]
[White "Goetz, Andreas"]
[Black "Wittmann, Helmut"]
[Result "1/2-1/2"]
[WhiteElo "2116"]
[BlackElo "2105"]
[PlyCount "55"]
[EventDate "2014.04.15"]
[EventType "swiss"]
[EventRounds "9"]
[EventCountry "GER"]
[SourceTitle "EXT 2022"]
[Source "ChessBase"]
[SourceDate "2021.10.06"]
[SourceVersion "1"]
[SourceVersionDate "2021.10.06"]
[SourceQuality "1"]

1. Nf3 d5 2. d4 Bg4 3. e3 e6 4. c4 c6 5. Nbd2 Nd7 6. Be2 Ngf6 7. 0-0 Bd6 8. b3 0-0 9. Bb2 Ne4 10. Ne5 Bxe2 11. Qxe2 Nxe5 12. dxe5 Nxd2 13. Qxd2 Bc7 14. Qc2 dxc4 15. bxc4 Qh4 16. Rad1 Rfd8 17. Qb3 Rab8 18. Rxd8+ Bxd8 19. Ba3 b6 20. Qa4 Bc7 21. Qxc6 Bxe5 22. f4 Bc3 23. Bd6 Rd8 24. Qc7 Bf6 25. g3 Qh5 26. Be5 Qe2 27. Bxf6 Qxe3+ 28. Kh1 1/2-1/2

[Event "Mittelfranken-ch HT 63rd"]
[Site "Nuremberg"]
[Date "2014.04.17"]
[Round "6"]
[White "Wittmann, Helmut"]
[Black "Meulner, Klaus"]
[Result "1-0"]
[WhiteElo "2105"]
[BlackElo "2123"]
[PlyCount "65"]
[EventDate "2014.04.15"]
[EventType "swiss"]
[EventRounds "9"]
[EventCountry "GER"]
[SourceTitle "EXT 2022"]
[Source "ChessBase"]
[SourceDate "2021.10.06"]
[SourceVersion "1"]
[SourceVersionDate "2021.10.06"]
[SourceQuality "1"]

1. g3 e5 2. Bg2 Nf6 3. c3 d5 4. Nf3 e4 5. Nd4 c5 6. Nb3 Bd6 7. d3 exd3 8. Qxd3 Be6 9. Qc2 Nc6 10. 0-0 Rc8 11. Bg5 h6 12. Bxf6 Qxf6 13. N1d2 c4 14. Nc1 0-0 15. e3 Rfe8 16. Ne2 Bf5 17. Qa4 Bg4 18. Rfe1 Ne5 19. Nf4 b5 20. Qa6 Rc6 21. Qxb5 Rb8 22. Qxd5 Bf8 23. Qd4 Rcb6 24. Nd5 Qe6 25. h3 Bf5 26. e4 Bg6 27. Nxb6 Rxb6 28. Qd5 Qf6 29. f4 Nd3 30. Re2 Bc5+ 31. Kh2 Nxf4 32. gxf4 Qxf4+ 33. Kh1 1-0

[Event "Mittelfranken-ch HT 63rd"]
[Site "Nuremberg"]
[Date "2014.04.16"]
[Round "5"]
[White "Reis, Gerhard"]
[Black "Wittmann, Helmut"]
[Result "1-0"]
[WhiteElo "2202"]
[BlackElo "2105"]
[PlyCount "81"]
[EventDate "2014.04.15"]
[EventType "swiss"]
[EventRounds "9"]
[EventCountry "GER"]
[SourceTitle "EXT 2022"]
[Source "ChessBase"]
[SourceDate "2021.10.06"]
[SourceVersion "1"]
[SourceVersionDate "2021.10.06"]
[SourceQuality "1"]

1. Nf3 d5 2. d4 Bg4 3. c4 Bxf3 4. gxf3 e6 5. Nc3 Nc6 6. cxd5 exd5 7. Bf4 Nge7 8. e3 Ng6 9. Bg3 h5 10. Qb3 Bb4 11. Bb5 Qe7 12. 0-0-0 Bxc3 13. Qxc3 0-0 14. h4 Nb4 15. Kb1 a5 16. a3 Na6 17. Bxa6 Rxa6 18. Qxc7 Qf6 19. Qxb7 Ne7 20. Be5 Qe6 21. Qb5 Rfa8 22. Rhg1 g6 23. Rc1 a4 24. Rc7 Nc6 25. Rc1 Na5 26. Qc5 Nc4 27. e4 Nd2+ 28. Kc2 Nb3 29. Qxd5 Nxc1 30. Qxe6 Rxe6 31. Kxc1 f6 32. Bf4 Ree8 33. Kd2 Rab8 34. Bh6 Rxb2+ 35. Ke3 Rb3+ 36. Kf4 g5+ 37. Kf5 Rxf3+ 38. Kg6 gxh4 39. Rg7+ Kh8 40. Rh7+ Kg8 41. Bg7 1-0

[Event "Mittelfranken-ch HT 63rd"]
[Site "Nuremberg"]
[Date "2014.04.16"]
[Round "3"]
[White "Surinya, Tibor"]
[Black "Wittmann, Helmut"]
[Result "1/2-1/2"]
[WhiteElo "2063"]
[BlackElo "2105"]
[PlyCount "96"]
[EventDate "2014.04.15"]
[EventType "swiss"]
[EventRounds "9"]
[EventCountry "GER"]
[SourceTitle "EXT 2022"]
[Source "ChessBase"]
[SourceDate "2021.10.06"]
[SourceVersion "1"]
[SourceVersionDate "2021.10.06"]
[SourceQuality "1"]

1. d4 Nf6 2. Nf3 e6 3. c4 Bb4+ 4. Bd2 Qe7 5. g3 Nc6 6. Nc3 d5 7. a3 Bxc3 8. Bxc3 0-0 9. Bg2 a5 10. 0-0 Ne4 11. Ne5 Nxe5 12. dxe5 Nxc3 13. bxc3 Rd8 14. Qb3 a4 15. Qa2 Ra5 16. Rfd1 dxc4 17. Qxc4 Rxe5 18. Qxa4 b6 19. Rxd8+ Qxd8 20. Rd1 Qf8 21. Qd4 Rc5 22. Qd8 Ba6 23. Be4 f5 24. Qh4 Qf6 25. Qxf6 gxf6 26. Rd8+ Kf7 27. Bf3 Bb5 28. Rd1 Rxc3 29. Ra1 e5 30. a4 Bc4 31. a5 bxa5 32. Rxa5 Rc1+ 33. Kg2 Be6 34. e4 fxe4 35. Bxe4 f5 36. Bb7 e4 37. g4 fxg4 38. Bxe4 h6 39. Rh5 Rc4 40. f3 gxf3+ 41. Kxf3 Rc3+ 42. Kf4 Kg7 43. Re5 Bf7 44. Ra5 c5 45. Ke5 c4 46. Bd5 Re3+ 47. Kd4 Rh3 48. Ra7 Rd3+ 1/2-1/2

[Event "Mittelfranken-ch HT 63rd"]
[Site "Nuremberg"]
[Date "2014.04.16"]
[Round "4"]
[White "Wittmann, Helmut"]
[Black "Vogiatzis, Dimitrios"]
[Result "1-0"]
[WhiteElo "2105"]
[BlackElo "2107"]
[PlyCount "135"]
[EventDate "2014.04.15"]
[EventType "swiss"]
[EventRounds "9"]
[EventCountry "GER"]
[SourceTitle "EXT 2022"]
[Source "ChessBase"]
[SourceDate "2021.10.06"]
[SourceVersion "1"]
[SourceVersionDate "2021.10.06"]
[SourceQuality "1"]

1. d4 d5 2. c4 e6 3. Nc3 c6 4. Nf3 f5 5. Bf4 Nf6 6. e3 Be7 7. h3 0-0 8. g4 Ne4 9. gxf5 exf5 10. cxd5 cxd5 11. Qb3 Nxc3 12. bxc3 Nc6 13. Rg1 Kh8 14. Bd3 b6 15. Qd1 Bd7 16. Ng5 Qe8 17. h4 h6 18. Nf3 Bf6 19. Qb3 Qf7 20. Ng5 Qg8 21. Be2 Rac8 22. Bf3 Ne7 23. Bd6 Rc4 24. Qa3 Ra4 25. Qb3 Rc4 26. Be2 Rc6 27. Qa3 Re8 28. Nf3 Qe6 29. Bf4 Rec8 30. Rc1 a5 31. h5 Ng8 32. Ne5 Bxe5 33. Bxe5 Nf6 34. Bb5 Nxh5 35. Bxc6 Bxc6 36. Qd6 Qxd6 37. Bxd6 Kh7 38. Be5 b5 39. a4 bxa4 40. c4 Be8 41. c5 Bc6 42. Rb1 Re8 43. Rb6 Re6 44. Ke2 f4 45. Bd6 Be8 46. c6 Rxd6 47. c7 Rxb6 48. c8Q Bb5+ 49. Kf3 Rf6 50. Qg4 fxe3+ 51. Kxe3 Be8 52. Rc1 Rb6 53. Qf5+ Bg6 54. Qxd5 Rb3+ 55. Kd2 Nf4 56. Qd6 Rd3+ 57. Ke1 Rf3 58. Rc7 a3 59. Ra7 a2 60. Rxa5 Nd3+ 61. Kd2 Rxf2+ 62. Ke3 Rb2 63. Ra6 Rg2 64. Ra7 Nc1 65. Qc7 Bb1 66. Qxc1 Rc2 67. Qg1 Rc3+ 68. Kd2 1-0

[Event "Mittelfranken-ch HT 63rd"]
[Site "Nuremberg"]
[Date "2014.04.15"]
[Round "2"]
[White "Wittmann, Helmut"]
[Black "Wagner, Florian"]
[Result "0-1"]
[WhiteElo "2105"]
[BlackElo "2189"]
[PlyCount "66"]
[EventDate "2014.04.15"]
[EventType "swiss"]
[EventRounds "9"]
[EventCountry "GER"]
[SourceTitle "EXT 2022"]
[Source "ChessBase"]
[SourceDate "2021.10.06"]
[SourceVersion "1"]
[SourceVersionDate "2021.10.06"]
[SourceQuality "1"]

1. d4 d5 2. c4 c6 3. Nf3 Nf6 4. Nc3 a6 5. Ne5 g6 6. cxd5 cxd5 7. Bg5 Bg7 8. Qb3 Nc6 9. Bxf6 exf6 10. Nxc6 bxc6 11. Qa3 Bf8 12. Qa4 Bd7 13. e4 dxe4 14. Bc4 Rb8 15. 0-0 f5 16. Qxa6 Bg7 17. d5 cxd5 18. Nxd5 0-0 19. Rfd1 Kh8 20. Rab1 Qg5 21. g3 Be6 22. h4 Qh6 23. Qa5 f4 24. Qd2 e3 25. Qe2 exf2+ 26. Qxf2 fxg3 27. Qxg3 Bxb2 28. Kg2 Qg7 29. Bb3 Be5 30. Qe3 Bg4 31. Re1 Rbe8 32. Ba4 Be6 33. Qxe5 Bh3+ 0-1

[Event "Forchheim op-A 12th"]
[Site "Forchheim"]
[Date "2013.09.30"]
[Round "3"]
[White "Meulner, Fabian"]
[Black "Wittmann, Helmut"]
[Result "1-0"]
[WhiteElo "1881"]
[BlackElo "2093"]
[PlyCount "21"]
[EventDate "2013.09.27"]
[EventType "swiss"]
[EventRounds "5"]
[EventCountry "GER"]
[SourceTitle "CBM 156 Extra"]
[Source "ChessBase"]
[SourceDate "2013.10.22"]
[SourceVersion "1"]
[SourceVersionDate "2013.10.22"]
[SourceQuality "1"]

1. e4 e5 2. Nf3 Nc6 3. Bb5 g6 4. d4 exd4 5. Bg5 Be7 6. Bxe7 Qxe7 7. Bxc6 dxc6 8. Qxd4 Nf6 9. 0-0 0-0 10. Nc3 Bg4 11. e5 1-0

[Event "Forchheim op-A 12th"]
[Site "Forchheim"]
[Date "2013.09.29"]
[Round "4"]
[White "Maier, Alexander"]
[Black "Wittmann, Helmut"]
[Result "1/2-1/2"]
[WhiteElo "2311"]
[BlackElo "2093"]
[PlyCount "118"]
[EventDate "2013.09.27"]
[EventType "swiss"]
[EventRounds "5"]
[EventCountry "GER"]
[SourceTitle "CBM 156 Extra"]
[Source "ChessBase"]
[SourceDate "2013.10.22"]
[SourceVersion "1"]
[SourceVersionDate "2013.10.22"]
[SourceQuality "1"]

1. e4 g6 2. d4 Bg7 3. Nc3 d6 4. Bg5 c6 5. Qd2 b5 6. f4 Nf6 7. Bd3 b4 8. Nce2 Qb6 9. e5 Nd5 10. Nf3 Nd7 11. exd6 exd6 12. f5 h6 13. Bf4 Nxf4 14. Qxf4 g5 15. Qxd6 c5 16. Qg3 Qb8 17. Be4 Bb7 18. Bxb7 Qxb7 19. 0-0-0 0-0-0 20. Kb1 Nf6 21. Rhf1 Rhe8 22. Nc1 cxd4 23. Nb3 Re3 24. h3 Qb6 25. Qf2 Ne4 26. Qg1 Ng3 27. Rfe1 Nxf5 28. Nfd2 Rxe1 29. Rxe1 Ne3 30. Qf2 f5 31. g3 Qf6 32. Qf3 Kc7 33. Nc5 Rd5 34. Nd3 Rb5 35. Nb3 Qc6 36. Rxe3 dxe3 37. Qxe3 Kb8 38. Qe7 Rb7 39. Qd8+ Qc8 40. Qd6+ Qc7 41. Qd5 Qd7 42. Qg8+ Qc8 43. Qd5 Qd7 44. Qc4 Qf7 45. Qa6 Rb6 46. Qa4 f4 47. gxf4 gxf4 48. Nbc5 Bd4 49. Nd7+ Kb7 50. Nxb6 Bxb6 51. Qxb4 f3 52. a4 f2 53. Nxf2 Qxf2 54. a5 Qf1+ 55. Ka2 Qa6 56. Qe4+ Kb8 57. Qe8+ Kb7 58. Qe4+ Kb8 59. Qe8+ Kb7 1/2-1/2

[Event "Forchheim op-A 12th"]
[Site "Forchheim"]
[Date "2013.09.29"]
[Round "5"]
[White "Wittmann, Helmut"]
[Black "Auburger, Philipp"]
[Result "1-0"]
[WhiteElo "2093"]
[BlackElo "1975"]
[PlyCount "143"]
[EventDate "2013.09.27"]
[EventType "swiss"]
[EventRounds "5"]
[EventCountry "GER"]
[SourceTitle "CBM 156 Extra"]
[Source "ChessBase"]
[SourceDate "2013.10.22"]
[SourceVersion "1"]
[SourceVersionDate "2013.10.22"]
[SourceQuality "1"]

1. d4 Nf6 2. Nf3 g6 3. Bg5 Bg7 4. Nbd2 d5 5. e3 Ne4 6. Nxe4 dxe4 7. Nd2 c5 8. Nxe4 cxd4 9. Bb5+ Nc6 10. 0-0 0-0 11. Bxc6 bxc6 12. exd4 Bf5 13. Ng3 Qxd4 14. Nxf5 gxf5 15. Bxe7 Rfe8 16. Ba3 Qc4 17. Qd7 Rad8 18. Qxf5 Rd5 19. Qf3 Qxc2 20. Rac1 Qg6 21. Rfe1 Red8 22. h3 Bd4 23. Re4 h5 24. Rce1 Kh7 25. Rf4 f6 26. Re7+ Kh6 27. g4 hxg4 28. Rxg4 Rg5 29. Kf1 Qf5 30. Rh4+ Kg6 31. Qxf5+ Rxf5 32. Rg4+ Rg5 33. Rxg5+ Kxg5 34. Rg7+ Kf5 35. Rc7 Rh8 36. Rxc6 Rxh3 37. Kg2 Rh4 38. Bc5 Bxb2 39. Ra6 Bd4 40. Bxd4 Rxd4 41. Rxa7 Rd2 42. Kf3 Rd3+ 43. Ke2 Rc3 44. Ra5+ Ke4 45. f3+ Kf4 46. Ra4+ Ke5 47. Kf2 Rc1 48. Re4+ Kf5 49. a4 Ra1 50. Rh4 Kg5 51. Rg4+ Kf5 52. Rb4 Ke5 53. f4+ Kf5 54. Ke3 Ra3+ 55. Kd2 Ra1 56. Kc2 Ke6 57. Kc3 Kd5 58. Kb2 Rh1 59. Ka3 f5 60. Ka2 Rh6 61. a5 Ra6 62. Ra4 Kc5 63. Kb3 Kb5 64. Rd4 Kc5 65. Rc4+ Kb5 66. Rb4+ Kc5 67. Ra4 Kb5 68. Ra1 Kc5 69. Kc3 Kb5 70. Kd4 Ra8 71. a6 Ra7 72. Ke5 1-0